[Event "Titled Tuesday intern op 20th Sep Early"]
[Site "Chess.com INT"]
[Date "2022.09.20"]
[Round "2"]
[White "Sadhwani, Raunak"]
[Black "Dilanyan, Grigor"]
[Result "0-1"]
[WhiteElo "2620"]
[BlackElo "2247"]
[PlyCount "90"]
[EventDate "2022.09.20"]
[EventType "swiss (blitz)"]
[EventRounds "11"]
[EventCountry "USA"]
[SourceTitle "EXT 2023"]
[Source "ChessBase"]
[SourceDate "2022.10.05"]
[SourceVersion "1"]
[SourceVersionDate "2022.10.05"]
[SourceQuality "1"]

1. Nf3 Nf6 2. a3 b6 3. b4 Bb7 4. Bb2 a5 5. b5 d5 6. e3 c5 7. bxc6 Nxc6 8. Bb5 e6 9. g4 Rc8 10. g5 Ne4 11. h4 Nd6 12. Be2 Nc4 13. Bc3 b5 14. Ra2 b4 15. axb4 axb4 16. Ba1 Ra8 17. Rxa8 Qxa8 18. Bd4 e5 19. Bxc4 dxc4 20. Bb2 Nd8 21. Rh3 Bd6 22. Nxe5 Qa2 23. Bd4 Ne6 24. h5 Nxg5 25. Rg3 f6 26. h6 g6 27. Rxg5 fxg5 28. Nxc4 Qxc4 29. Bxh8 Qh4 30. Qe2 Kf7 31. Bg7 Bd5 32. d3 b3 33. cxb3 Bb4+ 34. Bc3 Bd6 35. Nd2 Qh1+ 36. Qf1 Qxh6 37. Nc4 Be7 38. e4 Be6 39. Kd2 g4+ 40. Kc2 Qf4 41. Bd2 Qc7 42. Qh1 h5 43. Qa1 Bf6 44. Qa8 h4 45. Qa1 Bxa1 0-1

[Event "Titled Tuesday intern op 13th Sep Late"]
[Site "Chess.com INT"]
[Date "2022.09.13"]
[Round "2"]
[White "Dilanyan, Grigor"]
[Black "Hansen, Eric"]
[Result "0-1"]
[WhiteElo "2247"]
[BlackElo "2613"]
[PlyCount "92"]
[EventDate "2022.09.13"]
[EventType "swiss (blitz)"]
[EventRounds "11"]
[EventCountry "USA"]
[SourceTitle "EXT 2023"]
[Source "ChessBase"]
[SourceDate "2022.10.05"]
[SourceVersion "1"]
[SourceVersionDate "2022.10.05"]
[SourceQuality "1"]

1. Nf3 d5 2. g3 c6 3. Bg2 Nf6 4. 0-0 Bf5 5. b3 e6 6. Bb2 h6 7. d3 Be7 8. Nbd2 0-0 9. Re1 Bh7 10. e4 a5 11. a4 Na6 12. exd5 cxd5 13. Nd4 Nb4 14. Nb5 Rc8 15. Rc1 Na2 16. Ra1 Nb4 17. Rc1 Nd7 18. Nf3 Bf6 19. Ba3 Nc5 20. Bxb4 axb4 21. Qd2 Qa5 22. Ne5 Bxe5 23. Rxe5 Bxd3 24. Rce1 Bxb5 25. axb5 Qxb5 26. f4 Qb6 27. Kh1 Rfd8 28. f5 exf5 29. Rxf5 Ne4 30. Qe2 Re8 31. Qf3 Rxc2 32. Rf1 Nf6 33. Rxd5 Ree2 34. Qd3 Nxd5 35. Qxd5 Rxg2 36. Qxf7+ Kh7 37. Qh5 Rxh2+ 38. Qxh2 Qc6+ 39. Kg1 Rxh2 40. Kxh2 Qc2+ 41. Kh3 Qxb3 42. Rf4 Qe6+ 43. Kh4 g5+ 44. Kh5 Qh3+ 45. Rh4 Qf5 46. g4 Qf7# 0-1